01331nam a22001217a 4500008004100000100003900041245009400080260003200174300003200206520084100238650009801079773003201177250605b ||||| |||| 00| 0 eng d a Gemünden, Hans Georg, et al  aThe impact of the Berlin airport project on the business performance of its owner company aProject Management Journal  a56(1), Feb,2025: p.90-106  aWe assess the impact of the Airport Project Berlin Brandenburg (BER) on the business performance of its owner company, using financial accounting data from Flughafengesellschaft Berlin Brandenburg m.b.H. (FBB) and eight control cases for 2005 through 2023. We analyze how the BER project influenced FBB’s revenues, cost, profitability, equity, and liabilities. The total value consumed by the BER project amounts to €11.915 billion. A forecast of business prospects until 2030 indicates enduring problems. We contribute to the literature by empirically quantifying the impact of poor governance and decision-making failures on project stakeholders. Further, our study shows the usefulness of publicly available financial data for analyzing megaprojects.- Reproduced https://journals.sagepub.com/doi/full/10.1177/87569728241300247  aMegaprojects, Impact assessment, Governance, Decision-making, financial accounting analysis.  aProject Management Journal